Flaggen-Quiz (extrem) - Statistiken

Allgemein
  • Dieses Quiz wurde 703 mal gespielt
    649 seit der letzten Aktualisierung
  • Das Durchschnittsergebnis liegt bei 7 aus 9
Antwortstatistiken
Bildquiz Antwort % Korrekt
Malawi
91%
Togo
90%
Honduras
89%
Brunei
83%
Kiribati
81%
Grenada
80%
Antigua und Barbuda
73%
Guinea-Bissau
72%
Komoren
72%
Keine übereinstimmenden Quizze gefunden
Verteilung der Resultate
Anzahl Personen mit jedem Resultat
Perzentil nach korrekt beantworteten Fragen
Ihre Resultats-Entwicklung
Sie haben dieses Quiz seit der letzten Aktualisierung nicht gespielt